000 00703nam a2200265Ia 4500
003 OSt
005 20221006151007.0
006 a|||||r|||| 00| 0
007 ta
008 221006b |||||||| |||| 00| 0 jpn d
020 _c¥780
024 _a20,572
037 _bGift, Japan Foundation
_cTextual
040 _aEASL
_cEASL
_bjpn
041 _2jpn
_ajpn
082 _aW:5.42, N1
100 _aIROKAWA Daikichi
_9657185
245 0 _aJyuminken no chikamizu
260 _aTokyo
_bIwanami Shoten Japan
_c1991
300 _a270p.
_ccm.
490 _v JL
650 _aJL
942 _hW:5.42, N1
_cTEXL
_2CC
999 _c1088658
_d1088658